Tenant toolkit recommends diverse approach (Record no. 72979)

MARC details
000 -LEADER
fixed length control field 01075cam a2200181 4500
001 - CONTROL NUMBER
control field WB3925-09
008 - FIXED-LENGTH DATA ELEMENTS--GENERAL INFORMATION
fixed length control field 030702n2003 000 0 eng u
035 ## - SYSTEM CONTROL NUMBER
System control number (Sirsi) u122855
245 ## - TITLE STATEMENT
Title Tenant toolkit recommends diverse approach
260 ## - PUBLICATION, DISTRIBUTION, ETC.
Date of publication, distribution, etc. 2003
490 ## - SERIES STATEMENT
Series statement Inside Housing
Volume/sequential designation 27 June 2003, 13(1)
520 ## - SUMMARY, ETC.
Summary, etc. Joseph Rowntree Foundation (JRF) research investigating how social landlords resource and regulate tenants' organisations recommends that social landlords should use a range of consultation methods to encourage tenant participation. "Encouraging participation: a toolkit for tenants and landlords" argues that landlords need to be seen as 'fair' for trust to be built and suggests that rules and regulations should be developed independently of both parties. Further information available at www.jrf.org.uk/knowledge/findings/housing/643.asp. Toolkit available from JRF priced £35, t +44 (0)24 7685 1752.
590 ## - LOCAL NOTE (RLIN)
Local note WB
650 ## - SUBJECT ADDED ENTRY--TOPICAL TERM
Topical term or geographic name entry element REGISTERED SOCIAL LANDLORDS
650 ## - SUBJECT ADDED ENTRY--TOPICAL TERM
Topical term or geographic name entry element TENANT PARTICIPATION
690 ## - LOCAL SUBJECT ADDED ENTRY--TOPICAL TERM (OCLC, RLIN)
Topical term or geographic name as entry element Affordable housing
9 (RLIN) 6215
942 ## - ADDED ENTRY ELEMENTS (KOHA)
Suppress in OPAC 0
Holdings
Withdrawn status Lost status Source of classification or shelving scheme Damaged status Not for loan Home library Current library Shelving location Date acquired Total Checkouts Full call number Barcode Date last seen Copy number Price effective from Koha item type
    Dewey Decimal Classification     London London News article 02/07/2003   WB3925-09 122855-1001 06/08/2019 1 06/08/2019 News article